Normal view MARC view

Entry Personal Name

Number of records used in: 1

001 - CONTROL NUMBER

  • control field: 14143

003 - CONTROL NUMBER IDENTIFIER

  • control field: OSt

005 - DATE AND TIME OF LATEST TRANSACTION

  • control field: 20210430154405.0

008 - FIXED-LENGTH DATA ELEMENTS

  • fixed length control field: 210430|| aca||aabn | a|a d

040 ## - CATALOGING SOURCE

  • Original cataloging agency: OSt
  • Transcribing agency: OSt

100 ## - HEADING--PERSONAL NAME

  • Personal name: Edited by Patrick, D. Wall; Ronald, Melzack

670 ## - SOURCE DATA FOUND

  • Source citation: Work cat.: (OSt)1177: Edited by Patrick, D. Wall; Ronald, Melzack, Textbook of Pain , 2003.